Αρχαίος μύθος και παιδικό βιβλίο : μια διδακτική πρόταση ; διπλωματική εργασία [μεταπτυχιακή]

Αποθηκεύτηκε σε:
Λεπτομέρειες βιβλιογραφικής εγγραφής
Κύριος συγγραφέας: Μακρή, Ματίνα
Άλλοι συγγραφείς: Ζερβού, Αλεξάνδρα Κ. (Εισηγητής διατριβής)
Μορφή: Thesis Βιβλίο
Γλώσσα:Greek
Δημοσίευση: Ρόδος : Πανεπιστήμιο Αιγαίου, 2006.
Θέματα:
Ετικέτες: Προσθήκη ετικέτας
Δεν υπάρχουν, Καταχωρήστε ετικέτα πρώτοι!

MARC

LEADER 00000cam a2200000 i 4500
001 1/35660
008 061018s2006 gre d
035 |l 10085610 
040 |a GR-MY-UA  |b gre  |e aacr 
041 0 |a gre 
082 7 |a 292.08   |2 (22) 
100 1 |a Μακρή, Ματίνα. 
245 1 0 |a Αρχαίος μύθος και παιδικό βιβλίο :   |b μια διδακτική πρόταση ; διπλωματική εργασία [μεταπτυχιακή] /   |c Μακρή Ματίνα ; Αλεξάνδρα Ζερβού.  
260 |a Ρόδος :   |b Πανεπιστήμιο Αιγαίου,   |c 2006.  
300 |a 203 σ. :   |b εικ. ;   |c 30 εκ. 
502 |a Διατριβή (μεταπτυχιακή) – Πανεπιστήμιο Αιγαίου, Ρόδος, 2006. 
504 |a Περιέχει βιβλιογραφικές παραπομπές.  
610 2 0 |a University of the Aegean  |x Dissertations. 
650 0 0 |a Dissertations, Academic. 
650 0 0 |a Myth. 
650 0 0 |a Children  |x Books and reading  |z Greece. 
650 0 0 |a Mythology, Greek. 
700 1 |a Ζερβού, Αλεξάνδρα Κ.  |4 ths 
852 |a INST  |b RHODES  |c DIATR  |e 20061018  |h 292.08 ΜΑΚ  |p 005400024365  |q 005400024365  |t MTXE  |y 23 
852 |a INST  |b RHODES  |c DIATR  |e 20061018  |h 292.08 ΜΑΚ  |p 005400024366  |q 005400024366  |t MTXE  |y 23 
901 |a BIBL4-2006-3 
909 |a Ρ  |b 126897 
909 |a Ρ  |b 126898 
924 |a ΜΑΚΡΗ  |b ΜΑΤΙΝΑ  |y Ρόδος  |z 2006-07 
970 |a ΣΙΔΕΡΗ  |b ΝΕΚΤΑΡΙΑ  |z 2006/10/17